[Event "Ambelokipi op 173rd"]
[Site "Athens"]
[Date "2019.06.12"]
[Round "6"]
[White "Dimitriou, Georgios"]
[Black "Vagionakis, Markos"]
[Result "1-0"]
[WhiteElo "1999"]
[BlackElo "1706"]
[PlyCount "57"]
[EventDate "2019.05.08"]
[EventType "swiss"]
[EventRounds "7"]
[EventCountry "GRE"]
[SourceTitle "EXT 2020"]
[Source "ChessBase"]
[SourceDate "2019.10.17"]
[SourceVersion "1"]
[SourceVersionDate "2019.10.17"]
[SourceQuality "1"]

1. e4 c5 2. Nf3 e6 3. b3 d5 4. exd5 exd5 5. Bb5+ Nd7 6. 0-0 Be7 7. Re1 Ngf6 8. Qe2 a6 9. Bd3 Nf8 10. Ba3 Qc7 11. Nd4 Ne6 12. Nf5 Bf8 13. Bb2 d4 14. c3 g6 15. cxd4 gxf5 16. d5 Bg7 17. Be5 Qe7 18. dxe6 fxe6 19. Nc3 b5 20. Bxf5 b4 21. Ne4 0-0 22. Bd6 Nxe4 23. Bxe7 exf5 24. Bxf8 Bxa1 25. Bxc5 Bf6 26. Qc4+ Kg7 27. Bd4 Bd7 28. Bxf6+ Nxf6 29. Re7+ 1-0

[Event "Heraklion op 24th"]
[Site "Heraklion"]
[Date "2018.09.05"]
[Round "4"]
[White "Kotsinis, Alexandros"]
[Black "Vagionakis, Markos"]
[Result "0-1"]
[WhiteElo "1549"]
[BlackElo "1717"]
[PlyCount "92"]
[EventDate "2018.09.03"]
[EventType "swiss"]
[EventRounds "9"]
[EventCountry "GRE"]
[SourceTitle "CBM 186 Extra"]
[Source "ChessBase"]
[SourceDate "2018.08.24"]
[SourceVersion "1"]
[SourceVersionDate "2018.08.24"]
[SourceQuality "1"]

1. d4 Nf6 2. c4 e6 3. g3 d5 4. Nf3 dxc4 5. Bg2 Bd7 6. Ne5 Bc6 7. Nxc6 Nxc6 8. 0-0 Nxd4 9. Bxb7 Rb8 10. Bg2 Qd7 11. Bf4 Rxb2 12. Be5 Nxe2+ 13. Kh1 c3 14. Nxc3 Nxc3 15. Bxc3 Rb6 16. Qf3 Qd8 17. Rad1 Bd6 18. Bxf6 gxf6 19. Qg4 Ke7 20. Rfe1 Qb8 21. Bh3 Bb4 22. Re2 Qb7+ 23. Bg2 Qa6 24. Rc2 Bd6 25. Qg7 Rhb8 26. Qxh7 Rb1 27. Rxc7+ Bxc7 28. Rxb1 Qxa2 29. Rc1 Bd6 30. f4 Rb2 31. Qe4 f5 32. Qc6 a5 33. h4 Qa3 34. Kh2 a4 35. h5 Qe3 36. Rd1 Rb6 37. Qxa4 Rb3 38. Rxd6 Qxg3+ 39. Kg1 Qe3+ 40. Kh2 Kxd6 41. Qc6+ Ke7 42. Qc7+ Kf6 43. Qd8+ Kg7 44. Qg5+ Kh7 45. h6 Qd4 46. Qh4 Rb1 0-1

[Event "Heraklion op 21st"]
[Site "Heraklion"]
[Date "2017.09.10"]
[Round "9"]
[White "Vagionakis, Markos"]
[Black "Ristic, Nenad"]
[Result "0-1"]
[WhiteElo "1732"]
[BlackElo "2400"]
[PlyCount "82"]
[EventDate "2017.09.03"]
[EventType "swiss"]
[EventRounds "9"]
[EventCountry "GRE"]
[SourceTitle "CBM 180 Extra"]
[Source "ChessBase"]
[SourceDate "2017.10.06"]
[SourceVersion "1"]
[SourceVersionDate "2017.10.06"]
[SourceQuality "1"]

1. d4 Nf6 2. c4 c5 3. d5 b5 4. cxb5 a6 5. bxa6 g6 6. Nc3 Bg7 7. d6 0-0 8. g3 Rxa6 9. dxe7 Qxe7 10. Bg2 d5 11. Nxd5 Nxd5 12. Qxd5 Rd8 13. Bg5 Bf6 14. Bxf6 Qxf6 15. Qb3 c4 16. Qc3 Qd6 17. a3 Nc6 18. Nf3 Na5 19. 0-0 Nb3 20. Rab1 Bf5 21. Qxc4 Bxb1 22. Rxb1 Rb6 23. Ng5 Qe7 24. Ne4 Rd4 25. Qc8+ Kg7 26. Qc3 f6 27. e3 Rxe4 28. Bxe4 Qxe4 29. Qc7+ Kh6 30. Rd1 Rc6 31. Qf7 Nd2 32. Qd7 Nf3+ 33. Kf1 Nxh2+ 34. Kg1 Nf3+ 35. Kf1 f5 36. b4 Rc2 37. Qd3 Ra2 38. b5 Nh2+ 39. Kg1 Qf3 40. Qd5 Qxf2+ 41. Kh1 Nf3 0-1

[Event "Heraklion Gazi op 11th"]
[Site "Heraklion"]
[Date "2015.08.01"]
[Round "9"]
[White "Vagionakis, Markos"]
[Black "Stratigi, Evangelia"]
[Result "1-0"]
[WhiteElo "1752"]
[BlackElo "1529"]
[PlyCount "103"]
[EventDate "2015.07.25"]
[EventType "swiss"]
[EventRounds "9"]
[EventCountry "GRE"]
[SourceTitle "CBM 167 Extra"]
[Source "ChessBase"]
[SourceDate "2015.09.14"]
[SourceVersion "1"]
[SourceVersionDate "2015.09.14"]
[SourceQuality "1"]

1. d4 Nf6 2. c4 e6 3. Nf3 Bb4+ 4. Bd2 Bxd2+ 5. Nbxd2 0-0 6. e4 d6 7. Be2 b6 8. 0-0 Bb7 9. Qc2 Nbd7 10. e5 Ne8 11. Ne4 Bxe4 12. Qxe4 f5 13. exf6 Rxf6 14. Ng5 Nf8 15. Bg4 d5 16. Qe3 Nd6 17. Nxe6 Nxc4 18. Nxd8 Nxe3 19. fxe3 Rxf1+ 20. Rxf1 Rxd8 21. Rc1 c5 22. dxc5 bxc5 23. Rxc5 d4 24. Kf2 dxe3+ 25. Kxe3 Re8+ 26. Kd2 Ng6 27. Rc7 Ne5 28. Be2 Rf8 29. Rc5 Rd8+ 30. Kc3 Ng6 31. Bc4+ Kh8 32. Rc7 h6 33. Rxa7 Nf4 34. g3 Ng6 35. Ra5 Ne7 36. Rc5 Rd1 37. Re5 Nc6 38. Re8+ Kh7 39. Bg8+ Kg6 40. Re6+ Kf5 41. Kc2 Rd8 42. Rxc6 Rxg8 43. b4 Re8 44. Kb3 Re3+ 45. Rc3 Re2 46. b5 Rxh2 47. b6 Rh1 48. Rc2 Re1 49. b7 Re8 50. Rc8 Re3+ 51. Kc4 Re4+ 52. Kd3 1-0

[Event "Heraklion Gazi op 11th"]
[Site "Heraklion"]
[Date "2015.07.25"]
[Round "1"]
[White "Markidis, Konstantinos"]
[Black "Vagionakis, Markos"]
[Result "1-0"]
[WhiteElo "2378"]
[BlackElo "1752"]
[PlyCount "39"]
[EventDate "2015.07.25"]
[EventType "swiss"]
[EventRounds "9"]
[EventCountry "GRE"]
[SourceTitle "CBM 167 Extra"]
[Source "ChessBase"]
[SourceDate "2015.09.14"]
[SourceVersion "1"]
[SourceVersionDate "2015.09.14"]
[SourceQuality "1"]

1. Nf3 Nf6 2. c4 c5 3. b3 Nc6 4. Bb2 e6 5. e3 d5 6. cxd5 exd5 7. a3 Bf5 8. d3 Bd6 9. Be2 0-0 10. 0-0 Re8 11. Nbd2 Ng4 12. h3 Nge5 13. Nxe5 Bxe5 14. Bxe5 Nxe5 15. Nf3 Nxf3+ 16. Bxf3 Qg5 17. Bxd5 Bxh3 18. Qf3 Qf5 19. gxh3 Qg6+ 20. Kh1 1-0

[Event "Heraklio SOI op 10th"]
[Site "Heraklion"]
[Date "2014.01.06"]
[Round "6"]
[White "Vagionakis, Markos"]
[Black "Kontaki, Maria"]
[Result "1-0"]
[WhiteElo "1617"]
[BlackElo "1015"]
[PlyCount "51"]
[EventDate "2014.01.09"]
[EventType "swiss"]
[EventRounds "7"]
[EventCountry "GRE"]
[SourceTitle "EXT 2024"]
[Source "ChessBase"]
[SourceDate "2023.10.10"]
[SourceVersion "1"]
[SourceVersionDate "2023.10.10"]
[SourceQuality "1"]

1. e4 e6 2. d4 d5 3. Nc3 Bb4 4. e5 Bxc3+ 5. bxc3 c5 6. f4 Ne7 7. Nf3 c4 8. Be2 0-0 9. 0-0 Ng6 10. Qe1 f5 11. exf6 Qxf6 12. Ne5 Nd7 13. a4 Qe7 14. Nxg6 hxg6 15. Ba3 Qf6 16. Bxf8 Nxf8 17. Bg4 Qd8 18. Qg3 Nh7 19. Rfe1 Nf6 20. Bxe6+ Bxe6 21. Rxe6 Kf7 22. Rae1 Qd7 23. Qh3 Ne4 24. R6xe4 Qxh3 25. Re7+ Kf8 26. gxh3 1-0

[Event "Iraklio SOI op-A 9th"]
[Site "Iraklio"]
[Date "2013.09.08"]
[Round "7"]
[White "Vasileiou, Aimilia"]
[Black "Vagionakis, Markos"]
[Result "1/2-1/2"]
[WhiteElo "1417"]
[BlackElo "1588"]
[PlyCount "85"]
[EventDate "2013.09.03"]
[EventType "swiss"]
[EventRounds "7"]
[EventCountry "GRE"]
[SourceTitle "EXT 2024"]
[Source "ChessBase"]
[SourceDate "2023.10.10"]
[SourceVersion "1"]
[SourceVersionDate "2023.10.10"]
[SourceQuality "1"]

1. d4 Nf6 2. c4 e6 3. Nc3 Bb4 4. Bd2 0-0 5. Nf3 b6 6. g3 Bb7 7. Bg2 Bxc3 8. Bxc3 Ne4 9. Qc2 d5 10. cxd5 exd5 11. 0-0 Re8 12. Rfe1 Nd7 13. Nd2 f5 14. Bb4 c5 15. dxc5 bxc5 16. Nxe4 fxe4 17. Ba3 Rc8 18. Rac1 Qb6 19. Bh3 Rc7 20. Bxd7 Rxd7 21. Bxc5 Qf6 22. Bxa7 Qa6 23. Be3 Qxa2 24. Ra1 Qc4 25. Qxc4 dxc4 26. Rec1 Bd5 27. Rc2 Bf7 28. Kg2 g6 29. Ra5 Rd1 30. Rc5 Ra8 31. Re5 Kg7 32. Rxe4 Bd5 33. f3 Bxe4 34. fxe4 Rc8 35. b3 c3 36. Bf4 Kf7 37. Be5 Rb1 38. Rxc3 Rxc3 39. Bxc3 Rxb3 40. Bd4 Ke6 41. Kf2 Rb1 42. h4 Rd1 43. e3 1/2-1/2

[Event "Iraklio SOI op-A 9th"]
[Site "Iraklio"]
[Date "2013.09.05"]
[Round "4"]
[White "Katzourakis, Pavlos"]
[Black "Vagionakis, Markos"]
[Result "1-0"]
[WhiteElo "1300"]
[BlackElo "1588"]
[PlyCount "95"]
[EventDate "2013.09.03"]
[EventType "swiss"]
[EventRounds "7"]
[EventCountry "GRE"]
[SourceTitle "EXT 2024"]
[Source "ChessBase"]
[SourceDate "2023.10.10"]
[SourceVersion "1"]
[SourceVersionDate "2023.10.10"]
[SourceQuality "1"]

1. e4 c5 2. Nf3 d6 3. Bc4 Nf6 4. d3 g6 5. 0-0 Bg7 6. c3 0-0 7. Re1 Nc6 8. h3 d5 9. exd5 Nxd5 10. Nbd2 Na5 11. Nb3 Nxb3 12. Qxb3 Nc7 13. Ng5 e6 14. a4 b6 15. Ne4 Ne8 16. Bg5 Qc7 17. Bh4 Bb7 18. Bb5 Bd5 19. Bc4 Bb7 20. a5 Nd6 21. Bg3 e5 22. axb6 axb6 23. Rxa8 Bxa8 24. Bd5 Bxd5 25. Qxd5 Nf5 26. Ra1 Qd8 27. Qc4 Qd7 28. Ra6 Nxg3 29. fxg3 b5 30. Nxc5 bxc4 31. Nxd7 cxd3 32. Nxf8 Bxf8 33. Ra8 Kg7 34. b4 e4 35. Kf2 Bd6 36. Rd8 Bc7 37. Rd7 Bb6+ 38. Ke1 Kf8 39. c4 Ke8 40. Rd5 Bc7 41. Kf2 Ke7 42. c5 Ke6 43. Rd4 f5 44. b5 Ba5 45. b6 Bd2 46. Rxd3 Bb4 47. Rd6+ Ke7 48. Rd5 1-0

[Event "Heraklion Gazi op 9th"]
[Site "Heraklion"]
[Date "2013.08.02"]
[Round "8"]
[White "Stiakakis, Ioannis Leonidas"]
[Black "Vagionakis, Markos"]
[Result "1/2-1/2"]
[WhiteElo "1406"]
[BlackElo "1602"]
[PlyCount "36"]
[EventDate "2013.07.27"]
[EventType "swiss"]
[EventRounds "9"]
[EventCountry "GRE"]
[SourceTitle "CBM 155 Extra"]
[Source "ChessBase"]
[SourceDate "2013.08.26"]
[SourceVersion "1"]
[SourceVersionDate "2013.08.26"]
[SourceQuality "1"]

1. e4 c5 2. Nc3 Nc6 3. f4 g6 4. Nf3 Bg7 5. Bb5 e6 6. Bxc6 bxc6 7. 0-0 Ne7 8. e5 0-0 9. Ne4 Qb6 10. Qe1 Nf5 11. g4 Nd4 12. Nf6+ Bxf6 13. exf6 c4 14. Kg2 Nxf3 15. Rxf3 Qd4 16. Qh4 c5 17. Rh3 Bb7+ 18. Kf1 Qxf4+ 1/2-1/2

[Event "Heraklion SOI op 5th"]
[Site "Heraklion"]
[Date "2012.04.21"]
[Round "6"]
[White "Anagnostakis, Charalampos"]
[Black "Vagionakis, Markos"]
[Result "0-1"]
[WhiteElo "1520"]
[BlackElo "1567"]
[PlyCount "116"]
[EventDate "2012.04.17"]
[EventType "swiss"]
[EventRounds "7"]
[EventCountry "GRE"]
[SourceTitle "EXT 2024"]
[Source "ChessBase"]
[SourceDate "2023.10.10"]
[SourceVersion "1"]
[SourceVersionDate "2023.10.10"]
[SourceQuality "1"]

1. c4 e5 2. Nc3 Nf6 3. Nf3 Nc6 4. d3 g6 5. g3 Bg7 6. Bg2 0-0 7. 0-0 d6 8. Rb1 Bf5 9. Nd2 Qd7 10. b4 Bh3 11. b5 Bxg2 12. Kxg2 Nd4 13. Nb3 Ne6 14. Qc2 Nh5 15. f3 f5 16. Bd2 Rae8 17. Rf2 Nf6 18. Rbf1 d5 19. e4 fxe4 20. fxe4 dxc4 21. dxc4 Nd4 22. Qd3 Nxb3 23. Qxd7 Nxd7 24. Rxf8+ Rxf8 25. Rxf8+ Kxf8 26. axb3 Nc5 27. b4 Nb3 28. Be3 Ke7 29. Bxa7 Nd2 30. c5 Kd8 31. c6 b6 32. Kf2 Bf8 33. Ke2 Nb3 34. Kd3 Bxb4 35. Nd5 Bd6 36. Kc4 Nd2+ 37. Kd3 Nf3 38. h3 Nd4 39. Kc4 Ne2 40. g4 Ng1 41. h4 Nf3 42. h5 Nh2 43. hxg6 hxg6 44. Nf6 Be7 45. g5 Nf3 46. Kd5 Nxg5 47. Kxe5 Nf3+ 48. Ke6 Nd4+ 49. Kf7 Bxf6 50. Kxf6 Nxb5 51. Bb8 Kc8 52. e5 Kxb8 53. e6 Ka7 54. e7 Nd6 55. Ke6 g5 56. Kd7 Kb8 57. e8Q+ Nxe8 58. Kxe8 g4 0-1

[Event "Heraklion SOI op 5th"]
[Site "Heraklion"]
[Date "2012.04.19"]
[Round "4"]
[White "Lirindzakis, Timotheos"]
[Black "Vagionakis, Markos"]
[Result "1-0"]
[WhiteElo "2322"]
[BlackElo "1567"]
[PlyCount "120"]
[EventDate "2012.04.17"]
[EventType "swiss"]
[EventRounds "7"]
[EventCountry "GRE"]
[SourceTitle "EXT 2024"]
[Source "ChessBase"]
[SourceDate "2023.10.10"]
[SourceVersion "1"]
[SourceVersionDate "2023.10.10"]
[SourceQuality "1"]

1. Nf3 Nf6 2. c4 e6 3. g3 d5 4. d4 c6 5. Bg2 Be7 6. 0-0 0-0 7. Nc3 Nbd7 8. Qd3 b6 9. cxd5 cxd5 10. Bf4 Bb7 11. Nb5 Ba6 12. Qb3 Bxb5 13. Qxb5 Ne4 14. Rfc1 g5 15. Be3 Bd6 16. Nxg5 Nxg5 17. Bxg5 Qxg5 18. Qxd7 Rfd8 19. Qa4 Qd2 20. Rc2 b5 21. Rxd2 bxa4 22. a3 Rab8 23. Rc1 Rb6 24. e3 Rdb8 25. Rcc2 Kg7 26. Bf1 Kf6 27. Bd3 h6 28. Kf1 e5 29. Be2 e4 30. f3 Kf5 31. Kf2 R8b7 32. fxe4+ dxe4 33. h3 Ke6 34. Bc4+ Ke7 35. g4 Rc7 36. Bd5 Rxc2 37. Rxc2 Kf6 38. Bxe4 Kg5 39. Kf3 Kh4 40. Rc6 Kxh3 41. Rxb6 axb6 42. Bc6 Kh4 43. Bxa4 Kg5 44. Bd7 Bh2 45. Ke4 Bg1 46. b4 Bf2 47. Kd3 Be1 48. Kc4 Kf6 49. Kb5 Ke7 50. Bf5 Kd6 51. Kxb6 Bf2 52. a4 Bxe3 53. a5 Bxd4+ 54. Kb7 Kd5 55. Bd3 f5 56. gxf5 h5 57. a6 Ke5 58. a7 Bxa7 59. Kxa7 h4 60. Bf1 Kxf5 1-0

[Event "Heraklion SOI op 5th"]
[Site "Heraklion"]
[Date "2012.04.18"]
[Round "2"]
[White "Fakidis, Marios"]
[Black "Vagionakis, Markos"]
[Result "0-1"]
[WhiteElo "1385"]
[BlackElo "1567"]
[PlyCount "86"]
[EventDate "2012.04.17"]
[EventType "swiss"]
[EventRounds "7"]
[EventCountry "GRE"]
[SourceTitle "EXT 2024"]
[Source "ChessBase"]
[SourceDate "2023.10.10"]
[SourceVersion "1"]
[SourceVersionDate "2023.10.10"]
[SourceQuality "1"]

1. e4 c5 2. Nf3 d6 3. d4 cxd4 4. Nxd4 Nf6 5. Nc3 g6 6. Be3 Bg7 7. Bc4 Nc6 8. Nxc6 bxc6 9. 0-0 0-0 10. f3 Be6 11. Bxe6 fxe6 12. Qd2 d5 13. exd5 exd5 14. Ne2 Qc7 15. Nd4 Qd7 16. Rfe1 e5 17. Nb3 e4 18. Nc5 Qf5 19. fxe4 Nxe4 20. Nxe4 Qxe4 21. Bc5 Qf4 22. Qxf4 Rxf4 23. c3 a6 24. Re6 Rf6 25. Rxf6 Bxf6 26. Re1 Kf7 27. Kf2 Rb8 28. Ba3 Re8 29. Rxe8 Kxe8 30. Ke3 Kd7 31. Kd3 Ke6 32. b3 Kf5 33. Ke3 Bxc3 34. h3 d4+ 35. Ke2 Ke4 36. Bc1 d3+ 37. Kd1 Bd4 38. a4 Be3 39. Bxe3 Kxe3 40. Ke1 d2+ 41. Kd1 a5 42. g3 h6 43. g4 g5 0-1

[Event "Heraklion SOI op 4th"]
[Site "Heraklion"]
[Date "2012.01.08"]
[Round "7"]
[White "Konstantinomanolakis, Stavros"]
[Black "Vagionakis, Markos"]
[Result "0-1"]
[WhiteElo "1701"]
[BlackElo "1462"]
[PlyCount "94"]
[EventDate "2012.01.04"]
[EventType "swiss"]
[EventRounds "7"]
[EventCountry "GRE"]
[SourceTitle "EXT 2024"]
[Source "ChessBase"]
[SourceDate "2023.10.10"]
[SourceVersion "1"]
[SourceVersionDate "2023.10.10"]
[SourceQuality "1"]

1. d4 Nf6 2. c4 e6 3. Nc3 Bb4 4. Qc2 c5 5. dxc5 Na6 6. a3 Bxc3+ 7. Qxc3 Nxc5 8. Nf3 0-0 9. b4 Nce4 10. Qc2 d5 11. Ng5 h6 12. Nxe4 Nxe4 13. e3 b6 14. Bd3 Nd6 15. 0-0 Bb7 16. Bb2 dxc4 17. Bxc4 Rc8 18. Qc3 Qg5 19. Qxg7+ Qxg7 20. Bxg7 Kxg7 21. Be2 Rfd8 22. Rac1 Kf6 23. Rfd1 Ke7 24. f3 Rxc1 25. Rxc1 Rc8 26. Rd1 Rc3 27. Rd3 Rxd3 28. Bxd3 Bd5 29. a4 a5 30. e4 Bb3 31. bxa5 bxa5 32. e5 Nb7 33. g4 Bxa4 34. h4 Nc5 35. Bb1 Bb3 36. f4 a4 37. h5 a3 38. g5 a2 39. Bxa2 Bxa2 40. Kh2 Kf8 41. Kg3 Kg7 42. Kg4 Bb3 43. f5 Bd1+ 44. Kf4 Bxh5 45. gxh6+ Kxh6 46. fxe6 fxe6 47. Ke3 Kg5 0-1

[Event "Heraklion SOI op 4th"]
[Site "Heraklion"]
[Date "2012.01.05"]
[Round "4"]
[White "Tolias, Fotis"]
[Black "Vagionakis, Markos"]
[Result "1/2-1/2"]
[WhiteElo "1678"]
[BlackElo "1462"]
[PlyCount "39"]
[EventDate "2012.01.04"]
[EventType "swiss"]
[EventRounds "7"]
[EventCountry "GRE"]
[SourceTitle "EXT 2024"]
[Source "ChessBase"]
[SourceDate "2023.10.10"]
[SourceVersion "1"]
[SourceVersionDate "2023.10.10"]
[SourceQuality "1"]

1. e4 c5 2. Nf3 d6 3. d4 cxd4 4. c3 dxc3 5. Nxc3 Nf6 6. Bc4 Nc6 7. e5 dxe5 8. Qxd8+ Nxd8 9. Nxe5 a6 10. Bg5 Be6 11. 0-0 Bxc4 12. Nxc4 b5 13. Ne3 e6 14. Rac1 Nb7 15. Rfe1 Nc5 16. Bxf6 gxf6 17. Ned5 0-0-0 18. Ne4 Kb8 19. Nxc5 Rxd5 20. Nxa6+ 1/2-1/2